Statistics for CBA Teams

Click here to take the quiz!

General Stats

  • This quiz has been taken 20 times
  • The average score is 13 of 20

Answer Stats

Answer% Correct
Shanghai Sharks
100%
Guangdong Southern Tigers
90%
Guangzhou Loong Lions
90%
Xinjiang Flying Tigers
90%
Beijing Ducks
80%
Jilin Northeast Tigers
80%
Nanjing Monkey Kings
80%
Zhejiang Guangsha Lions
80%
Jiangsu Dragons
70%
Ningbo Rockets
70%
Shenzhen Leopards
60%
Beijing Royal Fighters
50%
Fujian Sturgeons
50%
Liaoning Flying Leopards
50%
Qingdao Eagles
50%
Shandong Hi-Speed Kirin
50%
Sichuan Blue Whales
50%
Zhejiang Golden Bulls
50%
Tianjin Pioneers
40%
Shanxi Loongs
30%

Score Distribution

Percentile by Number Answered

Percent of People with Each Score

Your Score History

You have not taken this quiz